Statistics for Outlines of Country Land Borders

Click here to take the quiz!

General Stats

  • This quiz has been taken 516 times
  • The average score is 4 of 6

Answer Stats

Country % Correct
Chile
85%
Brazil
78%
Canada
66%
Tunisia
66%
Panama
38%
Monaco
36%

Score Distribution

Percentile by Number Answered

Percent of People with Each Score

Your Score History

You have not taken this quiz